Online Catalogue and eLibrary

Rata dekada karanawada : (Record no. 1283)

MARC details
000 -LEADER
fixed length control field 00458nam a2200145Ia 4500
005 - DATE AND TIME OF LATEST TRANSACTION
control field 20250528033443.0
008 - FIXED-LENGTH DATA ELEMENTS--GENERAL INFORMATION
fixed length control field 240331s9999 xx 000 0 und d
082 ## - DDC Classification
Class No. 303.6
Item Number - Author Mark GUN
100 ## - MAIN ENTRY--PERSONAL NAME
Personal name Gunasekara, D
245 #0 - TITLE STATEMENT
Title Rata dekada karanawada :
Remainder of title nathnam walakwanawada?
260 ## - PUBLICATION, DISTRIBUTION, ETC.
Place of publication, distribution, etc. Sri Lanka
Name of publisher, distributor, etc. Division of the Communist party of Sri Lanka
Date of publication, distribution, etc. 1987
300 ## - PHYSICAL DESCRIPTION
Extent (e.g. Volumes, Pages etc.) 32 p .,
500 ## - GENERAL NOTE
General note Debate on the extension of the state of emergency on 22.10.1987
942 ## - Koha item type (Biblio)
Koha item type Books in Stacks (Lending)
Holdings
Lost status Damaged status Collection code Home library Current library Shelving location Date acquired Full call number Accession Number Item type
    Lending WERC Library WERC Library Social Science Cupboard 03/31/2024 303.6 GUN 1126 Books in Stacks (Lending)

© WERC Library